Datum a čas kvízu
28
Celkem bodů
Celkový počet nahraných bodů na tomto kvízu bez doplňovacích otázek.
7.
Pořadí na kvízu
Konečné umístění týmu na tomto kvízu.
Zaznamenané odpovědi
| # | Otázka | Odpověď | Body | Výsledky |
|---|---|---|---|---|
| 1. | Odvolací Městský soud v Praze... | Pavel Novotný, Kateřina Kristelová | 1 | |
| 2. | Jak se nazývá malá africká zem... | Lesotho | 0 | |
| 3. | V úterý měl na Netflixu premié... | Meghan (Markle) | 1 | |
| 4. | Minulý týden se ve Španělsku k... | Barcelona | 0 | |
| 5. | Aukční síň Sotheby’s minulý tý... | Michael Jordan, Kobe Bryant | 1 | |
| 6. | Chybou kapitána ztroskotal v b... | u Aljašky | 0 | |
| 7. | V tématu o slavných lodích se... | Carpathia | 0 | |
| 8. | Loď Beagle na své druhé plavbě... | Charles Darwin | 1 | |
| 9. | Válečná loď Vasa ujela celkem... | ve Stockholmu | 0 | |
| 10. | Ceremoniál podpisu kapitulační... | Missouri | 1 |